00569nam a2200169Ia 4500008004100000041000800041082001800049100002700067245005300094260002000147300001300167650001800180650001600198906005500214999001900269952011100288210719s2013 xx 000 0 und d akan a362.292K CHAM aCHANDRASHEKHAR (Si Ar) aMadyapAna: ArOgyakke mAraka hEge? parihAra hEge? aBengaLUruc2013 av,72bPB aSocial Action aSocial Work aArOgyakke ; hEge? ; MadyapAna: ; mAraka ; parihAra c215464d215464 001040708Social WorkaALbALd2013-06-20l0o362.292K CHAMpD04097r2021-07-19 00:00:00w2021-07-19yDB